Archiving 10 Architectural Thesis (Record no. 2898)
[ view plain ]
| 000 -LEADER | |
|---|---|
| fixed length control field | 00263nam a2200109Ia 4500 |
| 008 - FIXED-LENGTH DATA ELEMENTS--GENERAL INFORMATION | |
| fixed length control field | 200302s9999 xx 000 0 und d |
| 100 ## - MAIN ENTRY--PERSONAL NAME | |
| Personal name | Niasa |
| 245 ## - TITLE STATEMENT | |
| Title | Archiving 10 Architectural Thesis |
| 260 ## - PUBLICATION, DISTRIBUTION, ETC. | |
| Name of publisher, distributor, etc. | Council of Architecture |
| 260 ## - PUBLICATION, DISTRIBUTION, ETC. | |
| Date of publication, distribution, etc. | 2011 |
| 300 ## - PHYSICAL DESCRIPTION | |
| Extent | 162 P., |
| Withdrawn status | Lost status | Damaged status | Not for loan | Permanent Location | Current Location | Date acquired | Cost, normal purchase price | Full call number | Barcode | Date last seen | Price effective from | Koha item type |
|---|---|---|---|---|---|---|---|---|---|---|---|---|
| BMS College of Architecture, Design and Planning | BMS College of Architecture, Design and Planning | 2020-03-03 | 2550.00 | 26.5571 | CL-UG57511 | 2020-03-03 | 2020-03-03 | UG Books from CL |